000 00534nam a2200217Ia 4500
003 OSt
005 20220926042232.0
006 a|||||r|||| 00| 0
007 ta
008 220923b |||||||| |||| 00| 0 eng d
037 _cGeneral Book
040 _aRTL
_cRTL
_beng
041 _2eng
_aeng
082 _aX:514, J3
100 _aTack Alfred
245 0 _aProfessional salesmanship
260 _c1953
650 _aSalesmanship
_9229886
942 _hX:514, J3
_cGB
_2CC
999 _c669189
_d669189